LEADER 01817nam 2200397Ia 450 001 996395129803316 005 20221108101204.0 035 $a(CKB)3810000000007103 035 $a(EEBO)2240905296 035 $a(OCoLC)15597590 035 $a(EXLCZ)993810000000007103 100 $a19870427d1692 uy | 101 0 $aeng 135 $aurbn||||a|bb| 200 14$aThe English school-master$b[electronic resource] $eteaching all his scholars, of what age soever, the most easy, short, and perfect order of distinct reading and true writing our English tongue that hath ever yet been known or published by any : and further also, teacheth a direct course how any unskilful person may easily both understand any hard English words which they shall in Scriptures, sermons, or else-where hear or read ... /$fdevised for thy sake that wanteth any part of this skill by Edward Coote .. 205 $aPerused and approved by [publick authority, and now the 47th time imprin]ted$bwith certain ... 210 $a[London $cPrinted by I. Millet for the Company of Stationers$d1692] 215 $a[10], 71, [1] p 300 $aImprint and edition suggested by Wing. 300 $aImperfect: t.p. torn with loss of print; second signature K1-4, taken from another edition, bound in place. 300 $aReproduction of original in the British Library. 330 $aeebo-0018 606 $aReaders (Primary)$vEarly works to 1800 606 $aEnglish language$yEarly modern, 1500-1700 615 0$aReaders (Primary) 615 0$aEnglish language 700 $aCoote$b Edmund$ffl. 1597.$01012997 801 0$bEAE 801 1$bEAE 801 2$bm/c 801 2$bUMI 801 2$bWaOLN 906 $aBOOK 912 $a996395129803316 996 $aThe English school-master$92354066 997 $aUNISA